| 000 -ლიდერი |
| ფიქსირებული სიგრძის საკონტროლო ველი |
01101nam a22002177a 4500 |
| 003 - საკონტროლო ნომრის იდენტიფიკატორი |
| საკონტროლო ველი |
Ge_BSU |
| 005 - ბოლო ოპერაციის თარიღი და დრო |
| საკონტროლო ველი |
20241030171347.0 |
| 008 - ფიქსირებული სიგრძის მონაცემთა ელემენტები - ზოგადი ინფორმაცია |
| ფიქსირებული სიგრძის საკონტროლო ველი |
241030s2022 ge ||||| |||| 00| 0 geo d |
| 020 ## - წიგნის საერთაშორისო სტანდარტული ნომერი |
| International Standard Book Number |
9789941371240 |
| 041 ## - ენის კოდი |
| Language code of text/sound track or separate title |
geo |
| 080 ## - უნივერსალური ათობითი კლასიფიკაციის ინდექსი |
| Universal Decimal Classification number |
94(100) გ-66 |
| 100 ## - მთავარი ჩანაწერი - პიროვნების სახელი |
| Personal name |
გომბრიხი, ერნსტ |
| 9 (RLIN) |
23563 |
| 245 ## - ცნობა სათაურის შესახებ |
| Title |
მსოფლიოს მოკლე ისტორია / |
| Statement of responsibility, etc |
ერნსტ გომბრიხი; მთარგმნელი ნანა გოგოლაშვილი; რედაქტორი ანა ჭაბაშვილი; დიზაინერი ია გაბუნია. |
| 264 ## - წარმოების, გამოცემის, დისტრიბუციის და სხვა ცნობები |
| გამოცემის, წარმოების, დისტრიბუციის... ადგილი |
თბილისი : |
| გამოცემის, წარმოების, დისტრიბუციის... სახელწოდება |
სულაკაური, |
| გამოცემის, წარმოების, დისტრიბუციის... თარიღი |
2022. |
| 300 ## - ფიზიკური აღწერა |
| Extent |
418 გვ. ; |
| Other physical details |
22 სმ. |
| 653 ## - INDEX TERM--UNCONTROLLED |
| Uncontrolled term |
ისტორია |
| 700 ## - ADDED ENTRY--PERSONAL NAME |
| Personal name |
გოგოლაშვილი, ნანა |
| Relator term |
მთარგმნელი |
| 9 (RLIN) |
16467 |
| 700 ## - ADDED ENTRY--PERSONAL NAME |
| Personal name |
ჭაბაშვილი, ანა |
| Relator term |
რედაქტორი |
| 9 (RLIN) |
995 |
| 700 ## - ADDED ENTRY--PERSONAL NAME |
| Personal name |
გაბუნია, ია |
| Relator term |
დიზაინერი |
| 9 (RLIN) |
14200 |
| 942 ## - ADDED ENTRY ELEMENTS (KOHA) |
| Source of classification or shelving scheme |
|
| Koha item type |
წიგნი |